Pays alternant consonnes et voyelles - Statistiques

Statistiques générales
  • Ce quiz a été pris 179 fois
    162 depuis la dernière actualisation
  • Le résultat moyen est 21 sur 27
Statistiques - réponses
Continent Pays % Correct
Afrique Maroc
92%
Amérique du Nord Canada
91%
Amérique du Nord Cuba
88%
Asie Japon
88%
Afrique Togo
87%
Amérique du Sud Suriname
82%
Afrique Mali
81%
Amérique du Nord Panama
81%
Asie Irak
80%
Asie Iran
80%
Afrique Bénin
79%
Europe Kosovo
76%
Asie Liban
76%
Europe Monaco
76%
Afrique Niger
75%
Océanie Tuvalu
75%
Amérique du Nord Bélize
74%
Afrique Sénégal
74%
Océanie Kiribati
73%
Asie Oman
73%
Europe Vatican
73%
Afrique Gabon
72%
Asie Qatar
71%
Amérique du Nord Bahamas
70%
Asie Népal
66%
Afrique Malawi
63%
Afrique Comores
61%
Aucun quiz correspondant
Distribution des résultats
% des personnes avec chaque résultat
Percentile par nombre de réponses
Votre historique - résultats
Vous n’avez pas pris ce quiz depuis la dernière actualisation